[Event "Euwe Intern 2006-2007"]
[Site "?"]
[Date "2006.12.07"]
[Round "1.13"]
[White "Witt, Rob"]
[Black "Hoffman, Ron"]
[Result "1-0"]
[WhiteElo "2220"]
[BlackElo "2109"]
[Annotator "Witt"]
[PlyCount "81"]
[EventDate "2006.??.??"]

{Volgens de indeling zou ik in deze partij zwart hebben. Ron stelde voor om
van kleur te wisselen aangezien hij al een stuk of vijf keer met wit tegen mij
gespeeld had en nooit met zwart. Ik ging natuurlijk accoord.} 1. Nf3 Nf6 2. c4
g6 3. Nc3 Bg7 4. e4 d6 5. d4 O-O 6. Be2 e5 7. O-O ({Je vind het zeker laf als
ik nu} 7. Be3 {speel, vroeg ik aan Ron. Ja natuurlijk, antwoordde Ron.}) 7...
Nc6 8. d5 Ne7 9. Ne1 ({Vrijwel iedereen speelt hier tegenwoordig de Bayonet} 9.
b4 {Ik heb dat tot nu toe alleen in vluggertjes gedaan.}) 9... Nd7 10. Be3 f5
11. f3 f4 12. Bf2 {2'} g5 13. a4 $1 {5' Het uitroepteken is niet vanwege de
kwaliteit van de zet, maar vanwege de psychologische uitwerking. De laatste
jaren speelde ik hier uitsluitend het pionoffer} (13. Rc1 Rf6 ({of} 13... Ng6)
14. c5 Nxc5 15. b4 {Met name de afgelopen twee zomers werd kwam deze stelling
heel voor in Twee Klaveren in vluggertjes tussen Ron, Alje en mijzelf. Zelfs
Arne heeft er zich een aantal keren aan bezondigd. Ook in serieuze partijen
tussen genoemd drietal kwam dit diverse malen voor. Zelf speel ik het met
beide kleuren hoewel ik al een tijdje van mening ben, dat wit niks heeft. Ik
heb dat nog niet overtuigend kunnen aantonen, want in vier zwartpartijen tegen
Alje (waarvan één rapid) scoorde ik slechts 2-4 omdat ik in twee partijen al
kort na de opening een fout maakte (twee a tempo zetten!). Ron is helemaal een
fan van de zwarte stelling. Zijn natte droom is om dit een keer tegen
Ikonnikov te spelen en deze dan van het bord te vegen. Ik besloot er deze keer
niet op in te gaan omdat ik geen verbetering voor wit heb klaarliggen. Niet
alleen Ron, maar ook Alje betreurde dit ten zeerste.}) 13... a5 $1 {1' In YB
69 staat een uitgebreide survey met deze variant. Dit is de reden waarom het
plan van Kortchnoi met a4 niet meer zo populair is.} 14. Nd3 b6 15. Be1 {
6' Ik geef er de voorkeur aan om eerst mijn koningsvleugel te beveiligen
alvorens op de damevleugel met b4 aktief te worden.} (15. b4 axb4 16. Nxb4 Nf6
17. Ra3 Bd7 18. Nb5 Kh8 19. Be1 Rg8 20. g4 fxg3 21. hxg3 g4 22. Kg2 gxf3+ 23.
Bxf3 Bh6 24. Rh1 Bg5 25. Nd3 Ng6 26. Nf2 Qc8 27. Kf1 Rf8 28. Kg2 Rg8 29. Kf1
Rg7 30. Ke2 Rf7 31. Bd2 Bxd2 {1/2-1/2 Jussupow - Kasparov, Yerevan 1996}) ({
Een ander interessant idee is} 15. g4) 15... Nc5 $6 {8' Na afloop vonden we
dit allebei een slechte zet. Toch is het een aantal keren gespeeld.} ({
Gebruikelijk en beter is} 15... Nf6 {De volgende twee partijen van Nielsen
illustreren de witte en zwarte plannen.} 16. Nf2 h5 17. h3 Kh8 18. Nb5 Neg8 19.
b4 Rf7 20. bxa5 bxa5 21. c5 Bf8 22. cxd6 cxd6 23. Rc1 Nh6 24. Qc2 (24. Rc4 Rg7
25. Qc2 g4 26. Bxa5 Qe8 27. h4 gxf3 28. Bxf3 Bg4 29. Bxg4 Nfxg4 30. Bb6 Qe7 31.
Nxg4 Nxg4 32. Bf2 f3 33. g3 Ne3 34. Bxe3 Rxg3+ 35. Kf2 Rg2+ 36. Kxf3 Rxc2 37.
Rxc2 Qxh4 38. Rg1 Rxa4 39. Nc3 Rc4 40. Ke2 Bh6 41. Bb6 Rxe4+ {0-1 Nielsen -
Kotronias, Hastings 2004}) 24... Ne8 25. Qb3 Rg7 26. Rc6 Bd7 27. Bd2 Bxc6 28.
dxc6 Qb6 29. Rc1 g4 30. fxg4 Be7 31. Qe6 Nf6 32. c7 Kh7 33. g5 Rxg5 34. Qxe7+
Kg6 35. Qxd6 Qb7 36. Rc6 Nhg8 37. Bc4 Kh7 38. Bxg8+ Nxg8 39. Qd7+ Rg7 40. Qf5+
Kh8 41. Qxh5+ {1-0 Nielsen - Golubev, playchess.com INT 2004}) 16. Nf2 $5 {
14' Deze m.i. logische zet blijkt nieuw te zijn. In de zes partijen die ik met
deze stelling vond, speelde niemand dit.} (16. Nb5 Nxd3 (16... g4 17. Nxc5 gxf3
18. Bxf3 bxc5 19. Bc3 Ng6 20. Qd2 Rf7 21. Bxa5 Bf8 22. Kh1 Re7 23. b4 Kh8 24.
bxc5 dxc5 25. Rad1 {1/2-1/2 Sakalauskas - Piesina, Kaunas 2001. Onbegrjpelijke
remise, want wit staat heel goed. I.p.v. de laatste zet was d6! nog sterker.})
(16... Bd7 17. b4 axb4 18. Bxb4 Nb7 19. Nc1 Bxb5 20. cxb5 Rf7 21. Qc2 $14 {
Likavsky - Brestian, Austria 2004 (62.0-1)}) (16... Kh8 17. b4 axb4 18. Bxb4 c6
19. Nc3 Nxd3 20. Qxd3 c5 21. Ba3 h5 22. Bc1 Ng8 23. h3 Nh6 24. Bd2 Bf6 25. Nb5
Rg8 26. Ra3 g4 27. fxg4 hxg4 28. hxg4 Bh4 29. Qh3 Bxg4 30. Bxg4 Rxg4 $13 {
Suvrajit,S-Zhou Jianchao, Hyderabad 2005 (58.1/2-1/2)}) 17. Qxd3 Ng6 18. b4
axb4 19. Bxb4 Bd7 20. a5 $14 {Kovacs,A-Balatoni, Hungary 1998}) (16. b4 axb4
17. Nb5 g4 18. fxg4 Nxe4 19. Bxb4 Ng6 20. a5 bxa5 21. Rxa5 Bd7 22. Bf3 Ng5 23.
Nf2 Rxa5 24. Bxa5 Bxb5 25. cxb5 Qb8 $15 {Stork,I - Lauzeningks, Germany 2003 
(42.1/2-1/2)}) 16... Kh8 {20' Ron wil zijn Paard via g8 omspelen naar Pf6 en
g5-g4 doorzetten.} 17. Nb5 Ng8 {24'} 18. b4 {15'} axb4 {25'} 19. Bxb4 Nf6 $6 {
26'} ({Eerst verdedigen tegen de opmars a4-a5 met} 19... Nb7 {lijkt me
achteraf beter. Maar misschien speelt wit het toch meteen} 20. a5 bxa5 21. Qd2
$14) 20. h3 $6 {17' Overdreven profylaxe. Dit hoeft pas als zwart h5 gespeeld
heeft.} ({Meteen} 20. a5 $1 {is nauwkeuriger.}) 20... Rg8 $6 {29'} (20... Nb7
$5) 21. a5 h5 {Wit nog 1.07', zwart 47'} 22. Qc2 $1 {1.03' Om pin e4 extra te
dekken als zwart met g4 komt.} bxa5 $6 {29' Als zwar t passief moet verdedigen,
is het meestal mis. Meer in de geest van de KID was misschien} (22... g4 23.
fxg4 hxg4 24. hxg4 Bh6 25. axb6 Rxa1 26. Rxa1 cxb6 27. Ra8 $14 Qe7 {Wit staat
wel beter, maar zwart kan rommelen, bijv. met de manoeuvre Lh6-g5-h4-g3.}) 23.
Rxa5 (23. Bxc5 dxc5 24. Nd3) 23... Rxa5 $6 {26'} (23... Na6 {is veel taaier.})
24. Bxa5 Na6 $6 {25'} (24... Ne8 25. Ra1 $16) 25. c5 $1 {43'} dxc5 {23'} (25...
Qd7) 26. d6 {38'} Bf8 {22'} (26... Ne8 27. Rd1 $18) 27. Rd1 $18 {37'} Qe8 {14'}
28. dxc7 {34'} Be6 {9'} 29. Rd8 {32'} (29. Bc4) 29... Qc6 {4'} 30. Na7 {30'}
Qb7 31. c8=Q Bxc8 32. Nxc8 Nb4 {3'} 33. Qb2 {26'} Qa8 34. Bxb4 {25'} (34. Nd6 {
is verrassend sterk.}) 34... cxb4 35. Qxe5 Bg7 36. Rxg8+ Nxg8 37. Qe8 $1 {19'}
Kh7 {1'} 38. e5 Qa1+ 39. Kh2 Qe1 40. Bd3+ Kh8 41. Ne7 {Ik denk dat Ron een
paar keer een taaiere verdediging gemist heeft omdat hij zijn stelling niet
leuk vond. In de KID wil je met zwart toch altijd gauw op koningsaanval spelen
en toen dat er niet inzat omdat het paard op c5 alleen verdedigend wat doet,
liet Ron mijns inziens te snel het hoofd hangen.} 1-0

[Event "MeaEX1-Max Euwe"]
[Site "Enschede"]
[Date "2006.12.16"]
[Round "4"]
[White "Snuverink, Jochem"]
[Black "Witt, Rob"]
[Result "1/2-1/2"]
[WhiteElo "2239"]
[BlackElo "2220"]
[Annotator "Witt"]
[PlyCount "59"]
[EventDate "2006.??.??"]

{In het verre Enschede moest ik aantreden tegen onze parttime clubgenoot
Jochem Snuverink van Dr. Max Euwe. Na een door Jochem riskant maar zeer
creatief opgezette partij kwam ik in het voordeel. Ik verloor dat voordeel
weer en vervolgens maakte ik weer de bekende fout door me te laten meeslepen
in Jochems tijdnood. Dankzij die tijdnood echter miste Jochem de winst en koos
voor eeuwig schaak.} 1. e4 e6 2. d4 d5 3. Nc3 Bb4 4. e5 Ne7 5. a3 {4'} Bxc3+ 6.
bxc3 b6 {3' Ik had alleen wat zijvariantjes van het Frans voorbereid, maar
Jochem speelt hoofdvarianten en kent ze vermoedelijk goed. Ik besloot weer
terug te grijpen op het aloude Ivkov/Matulovicsysteem. Een systeem dat
populair was in de jaren 60 van de vorige eeuw, maar weer in onbruik geraakt
nog voordat Jochem geboren werd. Het blijkt een goede keus, want Jochem werd
meteen tot zelfstandig nadenken gedwongen.} 7. Qg4 {8'} Ng6 8. Bb5+ {16'
Ongebruikelijk, al heeft o.a. Gyula Sax het wel eens gespeeld.} ({Normaal gaat
het verder met} 8. h4 h5 {en nu bijv.} 9. Qg3 {wat ik vaa k tegen me heb gehad.
Liefhebbers raad ik aan de schitterende partij Shirov-Atalik, Plovdiv 2003, op
te zoeken. Een meesterwerkje van Shirov.} ({Het sterkst is m.i.} 9. Qd1 {
wat ook door Khalifman aanbevolen wordt in "According to Anand".}) (9. Qf3 {
is ook een mogelijkheid.})) 8... c6 9. Bd3 Ba6 10. Bxg6 $6 {Een geheel nieuw
concept dat Jochem a tempo speelde. Ik heb er geen enkele partij mee kunnen
vinden. Het lijkt me eerlijk gezegd ook niet bijzonder goed voor wit.} ({
Bekend waren nog} 10. Nf3) ({en} 10. h4) 10... hxg6 11. h4 {29'} c5 {14' Zwart
moet snel tegenspel zoeken langs de c-lijn. Omdat Th1 ongedekt staat is h5 nog
geen echte dreiging.} 12. Rh3 {48'} Qc7 {32'} 13. Nf3 {1.09'} cxd4 $1 {53' De
beste zet. Jochem vond achteraf in eerste instantie Pc6 beter, maar dat is
niet het geval.} 14. Nxd4 Qc4 ({Ik heb niet serieus gekeken naar} 14... Qxe5+ {
Het lijkt zelfmoord na} 15. Re3 {maar Fritz 9 ziet er wel wat in na} Qh2 $1 {
Een zet die ik in het geheel niet overwogen heb. Ik kan het ook eigenlijk niet
geloven. Bovendien was ik tevreden over de partijvoortzetting.} 16. Rxe6+ (16.
Nxe6 $2 Qg1+ 17. Kd2 Qxf2+ 18. Kd1 Rxh4 19. Nf4+ Qxe3 20. Qxh4 Qg1+ 21. Kd2 g5
$17 {Misschien klopt het, maar ik ben te oud om me op dergelijke rotzooi in
telaten.})) 15. Bg5 {1.14'} Nc6 $1 {1.00 Maakt gebruik van het feit dat de
witte dame ongedekt staat. Veel beter dan op het torenoffer ingaan met} (15...
Qf1+ 16. Kd2 Qxa1 17. Nxe6 Nc6 ({of} 17... Qf1 $5) ({In de analyse keken we
nog naar het absurde} 17... Kd7 $2 {waarna we niet de sterkste zet vonden, nl.}
18. Rf3 $1 $18) 18. Qf4 $5 {Een gevaarlijke aanvalsspeler als Jochem wil ik
niet dat soort kansen geven.}) 16. O-O-O {Over 42' Tijdens de postmortem gaf
Jochem aan dat hij hier tevreden was. Ik was dat ook en objectief gezien heb
ik daar ook meer reden toe. Ik had zelfs het gevoel dat ik bijna op winst
stond.} Rc8 {Over 54'} (16... Qa4 {is ook interessant, maar ik breng liever
mijn toren in het spel.}) 17. Rf3 {!?? 24' Na opnieuw lang nadenken een
verbluffende zet. Ik zag meteen het idee van het mooie mat als ik de dame neem.
Het drong echter niet meteen tot mij door dat ik ook de toren op f7 kon nemen.
Daarom keek ik eerst naar een paar andere zetten. Maar op de verwikkelingen
ingaan is gewoon het beste. In feite is wits torenoffer weliswaar een
creatieve vondst maar niet correct.} ({Na bijv.} 17. Qf4 {staat zwart iets
beter.}) 17... Nxe5 {42'} (17... Nxd4 18. Rxd4 Qa2 {lijkt ook wat beter voor
zwart.}) 18. Rxf7 {A tempo gespeeld, maar wit had ook geen keus.} Nxf7 ({
Het mooie mat ontstaat na} 18... Nxg4 19. Re7+ Kf8 20. Nxe6+ Kg8 21. Rxg7#) 19.
Qxe6+ Kf8 20. Be7+ Kg8 21. Rd3 {De kritieke stelling in de partij. Zwart heeft
veel mogelijke antwoorden, maar er is er maar een die echt het offer weerlegt.}
Bb5 $5 {28' Jochem was achteraf erg onder de indruk van deze onverwachte zet,
maar het is niet de beste en ook niet de zet die ik gepland had.} (21... Qc7 {
had ik gep land. In de analyse bleek het ook goed voor zwart, maar we hadden
iets gemist. Het idee is} 22. Rf3 Rf8 23. Bxf8 Kxf8 24. Qxg6 ({Veel sterker
blijkt echter de Fritzzet} 24. Nc6 $1 Bc8 25. Nd8 $1 $14) 24... Bc8 {In de
analyse vonden we dit goed voor zwart, maar waarschijnlijk kan wit het gelijk
houden met} 25. Qe6 $1) (21... Rh5 {had ik ook bekeken, maar ik zag het niet na
} 22. Rf3 Rf5 23. Rg3 $1 {zwart lijkt het echter te houden.}) (21... Qxd3 {
Dit tegenoffer is niks na} 22. cxd3 Rxc3+ 23. Kb2 Rxd3 24. Nf3 $18) (21... Qa4
$1 {Dit is de weerlegging. Eigenlijk heel logisch. wit dreigt f7 aan te vallen
met Tf3 en zwart kan die dekken met de manoeuvre Dc4-a4-e8. Helaas heb ik er
niet naar gekeken. Het beste is misschien nu} 22. Rg3 {Het kan dan nog knap
ingewikkeld worden, maar het moet goed voor zwart zijn.} (22. Rf3 $2 Qe8 $19)
22... Rh6 ({of} 22... Rh7 23. Qxg6 Nh6 $17) 23. Rxg6 Rxg6 (23... Rh7 $17) 24.
Qxg6 Nh6 $1 (24... Nh8 $2 25. Qe6+ Kh7 26. Qf5+ g6 27. Qf6 $13) 25. Ne6 Qg4 26.
Bg5 Nf5 27. f3 Qa4 28. Qxf5 {Wit staat nog maar een kwaliteit achter, maar het
is mis.} Qxa3+ 29. Kd1 Qa1+ 30. Bc1 Qxc3 {en zwart staat op winst.}) 22. Nxb5 {
nog minder dan 3' Jochem had bijna al zijn tijd verbruikt omdat hij eerst
dacht dat dit niks was. Het is echter de enige zet.} Rc6 23. Qd7 {Die had ik
niet gezien.} ({De pointe van mijn verdediging was} 23. Nd6 Qf4+ 24. Kb2 Rxd6
25. Bxd6 Qxd6 $19) ({Verder had ik alleen gekeken naar} 23. Qxd5 {maar dan
krijg ik een goed eindspel.} Qxd5 24. Rxd5 Rh5 25. Bg5 Nxg5 26. hxg5 Rc5 $17)
23... Qxb5 {27' Onnadenkend gespeeld. Ik had deze stelling vantevoren niet
zien aankomen, dus had ik me rustig in de stelling moeten verdiepen. Jochem
wees me achteraf op de mogelijkheid} (23... Ne5 $1 24. Qxd5+ {en nu het sterke}
Re6 $1 ({In de analyse keken we alleen naar} 24... Qxd5 {maar dat was
onduidelijk.}) 25. Qxc4 Nxc4 {met een kansrijk eindspel voor zwart.}) ({Ook} 
23... Rh5 {was een overweging waard, bijv.} 24. Qe8+ Kh7 25. Nxa7 Rc7 26. Qxf7
Rf5 $17 {en het verschil met de partij is overduidelijk.}) 24. Qe8+ {2'} Kh7
25. Qxf7 Rc7 $4 {26' Ik kan kennelijk niet meer helder nadenken in de tijdnood
van mijn tegenstander. Ik had alleen maar gekeken naar torenzetten van wit en
die wilde ik pareren met De8. Onbegrijpelijk dat ik wits voor de hand liggende
volgende zet niet zie.} 26. h5 {Ik schrok omdat ik dacht dat wit eeuwig schaak
had, maar het blijkt nog veel erger te zijn. Het is totaal uit.} g5 {22'} 27.
Qf5+ $2 {Gelukkig, met nog 30" op de klok besluit Jochem eeuwig schaak te
geven.} ({Winnend is} 27. h6 $1 {Jochem had de zet wel gezien, maar zag spoken
met} Rg8 28. hxg7 (28. Qf5+ {loopt spoedig mat.}) 28... Qxd3 29. cxd3 Rxg7 {
maar wit redt zijn loper met een schaakje.} 30. Qh5+ {met winst als zijn vlag
niet valt.}) 27... Kg8 28. Qe6+ Kh7 29. Qf5+ {Als Jochem tijd had gehad, had
hij hier ook nog op winst kunnen spelen met} (29. Bd6) ({of} 29. Rxd5) 29...
Kg8 30. Qe6+ {Ik was natuurlijk blij dat Jochem de winst had gemist, maar het
gevoel dat ik deze partij had moeten winnen, overheerste toch. Later bleek dat
we ook nog de wedstrijd hadden verloren met 51/2-41/2. Dan duurt zo'n
terugreis van een uur of drie met een lege maag extra lang. Die maag was
overigens niet helemaal leeg want onze supersub Ron Hoffman was meegereisd als
supporter/verslaggever en had tijdens de partij bananen uitgedeeld. Bedankt
Ron!} 1/2-1/2

[Event "Euwe Intern 2006-2007"]
[Site "?"]
[Date "2006.12.15"]
[Round "1.14"]
[White "Becic, Said"]
[Black "Witt, Rob"]
[Result "0-1"]
[WhiteElo "2067"]
[BlackElo "2220"]
[Annotator "Witt"]
[PlyCount "80"]

{Een kleine ramp aan het begin van deze clubavond. Er was geen koffie!! Het
moet een kleine 40 jaar geleden zijn dat ik een partij begonnen ben zonder
koffie.} 1. e4 e6 2. d3 ({Kennelijk heeft Saïd zijn gebruikelijke} 2. c4 {
bij het oud vuil gezet.}) 2... d5 3. Nd2 Nf6 4. Ngf3 Nc6 5. c3 a5 6. Be2 Be7 (
6... Bd6 $5) 7. O-O O-O 8. h3 {5' Niet echt nodig lijkt me.} b6 {8'} (8... e5
$5) 9. Re1 Bb7 {11'} (9... Ba6 10. e5 Nd7 11. d4 Bxe2 12. Qxe2 a4 $11) 10. e5 {
10'} Nd7 11. Bf1 (11. d4) 11... Re8 {15'} 12. Qa4 {Een verrassende zet. A
tempo gespeeld, zoals de meeste zetten van Saïd. Hij leest waarschijnlijk Euwe
Online niet.} f6 {16' Riskant.} 13. Qg4 {12' Totaal niet naar gekeken.
Gelukkig is het geen bijzonder goede zet.} ({Ik verwachtte} 13. d4 {en nu
misschien} fxe5 (13... Na7) 14. Bb5 exd4 15. Bxc6 (15. cxd4 Ncb8 16. Ne5 c6 ({
Een kwaliteitsoffer lijkt me onvoldoende na bijv.} 16... Nxe5 17. Bxe8 Nbc6 18.
Bxc6 Nxc6 19. Nf3 (19. Rxe6 $6 b5 $1 $13) 19... Qd7 20. Bd2 $14) 17. Nxc6 Nxc6
18. Bxc6 Bxc6 19. Qxc6 Nf8 20. Nf3 $13) 15... Nc5 16. Bxe8 Nxa4 17. Bxa4 dxc3
18. bxc3 Qd6 $13) ({Of} 13. exf6 Bxf6 14. d4 e5 15. Bb5 Re6 $13) 13... Ndxe5 {
30' Een moeilijke keus, maar waarschijnlijk is dit de beste.} (13... Bf8 14. d4
Ba6 15. Bxa6 Rxa6 16. Nf1 $13) (13... f5 14. Qg3 Rf8 $13) 14. Qxe6+ Kh8 15. Qf5
{14'} (15. Nxe5 Nxe5 16. Qf5 d4 $15) 15... Bd6 $6 {35' Opnieuw stond ik voor
een lastige beslissing. Waarschijnlijk waren de beide alternatieven toch beter.
} (15... d4) (15... g6 16. Qf4 Bd6) 16. d4 g6 {40'} 17. Qc2 Nxf3+ {46'} (17...
Nf7 {heb ik ook overwogen, maar op een gegeven moment moet je gewoon een zet
doen.}) 18. Nxf3 Rxe1 19. Nxe1 Ne7 {56'} 20. Bd3 {21' Eigenlijk is dit de
eerste zet waar Saïd serieus over nagedacht heeft.} (20. Nd3 {kwam ook in
aanmerking en is misschien wel iets beter.}) 20... Bc8 {60' Een Fransspeler
heeft altijd de drang om die witveldige lopers te willen ruilen. Maar hier is
dat misschien te dogmatisch. Ik verwachtte eerlijk gezegd dat Saïd dat met g4
zou verhinderen, maar hij wil alleen maar zoveel mogelijk stukken ruilen en
remise maken.} (20... c5 $5 {met wederzijdse kansen.}) 21. Qe2 Bf5 {Wit nog 1.
08', zwart 28'} 22. Bxf5 Nxf5 23. Qe6 Qe7 {Ik dacht dat dit gedwongen was, maar
} (23... Ng7 {had ook gekund omdat pion d5 niet hangt.}) 24. Qxe7 Nxe7 25. Nd3
{1.07' Al mij n pogingen om het ingewikkeld te maken hebben alleen maar tot
een grote tijdsachterstand geleid. Wit wil de volgende zet de lopers ruilen
met Lf4, waarschijnlijk vergezeld van een remiseaanbod en de stukken kunnen de
doos in.} g5 $1 {23' De enige manier om er nog iets van te maken. Liever
proberen ijzer met handen te breken dan Saïd een makkelijke remise gunnen.} 26.
f4 {1.06'} h6 27. fxg5 {A tempo gespeeld, maar het wa beter om de spanning te
handhaven.} hxg5 28. Bd2 Kg7 29. Kf2 {1.02'} a4 $1 {21'} (29... Nf5 $5 {
lijkt ook sterk.}) 30. Kf3 {60'} c5 {19'} 31. dxc5 (31. Re1 cxd4 32. cxd4 Nf5
33. Bc3 Rh8 $1 $15) 31... bxc5 32. Be3 Ra5 $1 {18' Deze zet verraste Said
zichtbaar. De toren gaat vanaf b5 de verdediging van c5 combineren met druk op
b2.} 33. g4 $2 {55' Dit leidt alleen maar tot een verzwakking van h3. Ik kon
aan zijn lichaamstaal merken, dat Saïd niet goed wist wat hij moest doen. De
gewenste remise is ineens heel ver weg.} Rb5 ({Interessant was ook} 33... c4
34. Nb4 a3 35. b3 Be5 $15 {Maar ik wilde zoveel mogelijk opties open houden en
niet te snel met c4 komen.}) 34. Re1 Kf7 {16' Ik dacht dat ik eerst het paard
moest dekken vanwege de variant} (34... c4 $5 {en nu de "listige zet"} 35. Bc5
$2 (35. Nb4 Bxb4 36. cxb4 Nc6 37. a3 d4 $15) 35... Bxc5 ({Ik miste volkomen de
mogelijkheid} 35... Rxc5 $1 36. Nxc5 Bxc5 $17) 36. Nxc5 {en zwart heeft niks.})
35. a3 {52'} Nc6 {14'} 36. Rd1 {48'} Ke6 {13'} 37. Bc1 $6 {45'} Ne5+ {10'} (
37... Rb3 $5) 38. Ke3 Rb8 {8' Vestigt de aandacht op de zwakke h-pion.} 39.
Nxe5 {43'} Bxe5 {6' Dreigt .a. d5-d4 in combinatie met Tb3. Zoiets had Said
vermoedelijk gezien, maar hij mist zwarts simpelste dreiging.} (39... fxe5 $5 {
was misschien nog sterker, maar ik wilde er niet teveel tijd in steken omdat
ik al zoveel tijd achter stond met de uitvluggerfase op komst.}) 40. Rd3 $4 {
42' Deze blunder staat niet op zichzelf, zoals we o.a. van Rowson geleerd
hebben. Er is in een eerder stadium al iets onverwachts gebeurd. Saïd dacht op
zet 25 nog dat hij snel en gemakkelijk remise ging maken. Zwart speelt echter
door en Saïd begaat wat onnauwkeurigheden, mist wat dingetjes en is
langzamerhand in moeilijkheden geraakt. De kiem voor de blunder is al tijdens
het afgelopen tiental zetten geboren.} ({Noodzakelijk was iets als} 40. Kd3 {
maar zwart heeft inmiddels uitstekende winstkansen, bijv.} c4+ {Dit was ik van
plan.} ({Of misschien meteen} 40... Rh8 41. Rh1 f5 $5 ({Overtuigender is weer
eerst} 41... c4+ $5) 42. gxf5+ Kf6 $17) 41. Kc2 (41. Ke2 Rh8 42. Rh1 d4 43.
cxd4 Bxd4 $17) 41... Rh8 42. Rh1 f5 43. gxf5+ Kxf5 44. Rf1+ Bf4 $17) 40... Bf4+
{Game over.} 0-1